[Event "Titled Tuesday intern op 13th Feb Early"]
[Site "Chess.com INT"]
[Date "2024.02.13"]
[Round "5"]
[White "Bambino Filho, Antonio Carlos"]
[Black "Weldegebriel Beraki, Kibrom"]
[Result "0-1"]
[WhiteElo "2166"]
[BlackElo "1808"]
[PlyCount "52"]
[EventDate "2024.02.13"]
[EventType "swiss (blitz)"]
[EventRounds "11"]
[EventCountry "USA"]
[SourceTitle "CB08_2024"]
[SourceDate "2024.02.21"]
[SourceVersion "1"]
[SourceVersionDate "2024.02.21"]
[SourceQuality "1"]

1. d4 e6 2. c4 d5 3. Nf3 Nf6 4. Nc3 dxc4 5. e4 Bb4 6. Bxc4 Nxe4 7. 0-0 Nxc3 8. bxc3 Be7 9. Ne5 Nc6 10. Nxc6 bxc6 11. Qg4 0-0 12. Re1 Bf6 13. Qg3 c5 14. Be3 Bb7 15. Rad1 Qe7 16. d5 exd5 17. Bg5 Qd8 18. Bxd5 Bxd5 19. Rxd5 Qxd5 20. Bxf6 g6 21. h3 Qf5 22. Qh4 Rfe8 23. Rd1 Re4 24. g4 Qf3 25. Rf1 Rae8 26. Qg5 Re1 0-1

[Event "Titled Tuesday intern op 13th Feb Early"]
[Site "Chess.com INT"]
[Date "2024.02.13"]
[Round "8"]
[White "Guerrero Olmos, Sergio"]
[Black "Weldegebriel Beraki, Kibrom"]
[Result "1-0"]
[WhiteElo "2374"]
[BlackElo "1808"]
[PlyCount "75"]
[EventDate "2024.02.13"]
[EventType "swiss (blitz)"]
[EventRounds "11"]
[EventCountry "USA"]
[SourceTitle "CB08_2024"]
[SourceDate "2024.02.21"]
[SourceVersion "1"]
[SourceVersionDate "2024.02.21"]
[SourceQuality "1"]

1. d4 Nf6 2. Nf3 e6 3. Bf4 d5 4. e3 c5 5. c3 Bd6 6. Bg3 0-0 7. Nbd2 cxd4 8. exd4 b6 9. Bd3 Ba6 10. Bc2 Nc6 11. Ne5 Ne7 12. Bh4 Ng6 13. Bxf6 gxf6 14. Nef3 e5 15. Nf1 e4 16. N3d2 f5 17. Qh5 f4 18. 0-0-0 f5 19. Bb3 Bb7 20. g3 Kg7 21. Rg1 a5 22. g4 a4 23. gxf5 Qf6 24. fxg6 hxg6 25. Bxd5 Rh8 26. Rxg6+ Qxg6 27. Qxg6+ Kxg6 28. Bxb7 Rae8 29. Bxe4+ Kf6 30. f3 Rc8 31. Kc2 b5 32. Kd3 Rh3 33. Re1 Be7 34. Bd5 Kg7 35. Rxe7+ Kf6 36. Re6+ Kg7 37. Rb6 Rd8 38. Be4 1-0

[Event "Titled Tuesday intern op 13th Feb Late"]
[Site "Chess.com INT"]
[Date "2024.02.13"]
[Round "8"]
[White "Kubicka, Anna"]
[Black "Weldegebriel Beraki, Kibrom"]
[Result "1-0"]
[WhiteElo "2278"]
[BlackElo "1808"]
[PlyCount "71"]
[EventDate "2024.02.13"]
[EventType "swiss (blitz)"]
[EventRounds "11"]
[EventCountry "USA"]
[SourceTitle "CB08_2024"]
[SourceDate "2024.02.21"]
[SourceVersion "1"]
[SourceVersionDate "2024.02.21"]
[SourceQuality "1"]

1. e4 d6 2. d4 Nf6 3. Nc3 c6 4. Bg5 Nbd7 5. f4 e6 6. e5 h6 7. Bh4 dxe5 8. dxe5 g5 9. fxg5 hxg5 10. Bxg5 Qa5 11. Bxf6 Nxf6 12. exf6 Bd7 13. Nf3 0-0-0 14. Bd3 Bb4 15. Qd2 Rhg8 16. 0-0 e5 17. a3 Bc5+ 18. Kh1 Qc7 19. Ne4 Bf8 20. Qc3 Re8 21. Bc4 Be6 22. Bxe6+ Rxe6 23. Rae1 Bh6 24. Nc5 Rxf6 25. Qxe5 Rfg6 26. Qxc7+ Kxc7 27. Re2 b6 28. Nd3 f6 29. Nd4 Bf8 30. g3 Bd6 31. Re6 Rh6 32. Rfxf6 Rxf6 33. Rxf6 Rh8 34. Rf7+ Kb8 35. Nxc6+ Kc8 36. Kg2 1-0

[Event "Titled Tuesday intern op 13th Feb Late"]
[Site "Chess.com INT"]
[Date "2024.02.13"]
[Round "5"]
[White "Weldegebriel Beraki, Kibrom"]
[Black "Nigalidze, Gaioz"]
[Result "1-0"]
[WhiteElo "1808"]
[BlackElo "2373"]
[PlyCount "73"]
[EventDate "2024.02.13"]
[EventType "swiss (blitz)"]
[EventRounds "11"]
[EventCountry "USA"]
[SourceTitle "CB08_2024"]
[SourceDate "2024.02.21"]
[SourceVersion "1"]
[SourceVersionDate "2024.02.21"]
[SourceQuality "1"]

1. d3 e5 2. Nf3 Nc6 3. c3 d5 4. e4 Nf6 5. Qc2 a5 6. Bg5 Be7 7. Nbd2 0-0 8. Be2 Be6 9. 0-0 Qd7 10. Rad1 Rad8 11. Rfe1 h6 12. Bh4 Rfe8 13. Bg3 Bd6 14. exd5 Bxd5 15. Ne4 Bxe4 16. dxe4 Qe6 17. b3 Nh5 18. Bc4 Qf6 19. Bd5 Nxg3 20. hxg3 Bc5 21. Bxc6 bxc6 22. Rxd8 Rxd8 23. Rd1 Rd6 24. Rd2 g6 25. Qd1 Kg7 26. Qe2 g5 27. Nh2 h5 28. Nf1 Qg6 29. Qc4 Bb6 30. Rd3 Qf6 31. Rf3 Qe6 32. Qe2 Qg6 33. Ne3 Bxe3 34. Rxe3 g4 35. Rd3 Qe6 36. Qe3 Kg6 37. Kh2 1-0

[Event "Olympiad-44"]
[Site "Chennai"]
[Date "2022.07.31"]
[Round "3.1"]
[White "Sai, Han Thiha"]
[Black "Weldegebriel Beraki, Kibrom"]
[Result "1-0"]
[WhiteElo "1974"]
[BlackElo "1793"]
[PlyCount "89"]
[EventDate "2022.07.29"]
[EventType "team-swiss"]
[EventRounds "11"]
[EventCountry "IND"]
[SourceTitle "CBM 210"]
[Source "ChessBase"]
[SourceDate "2022.10.31"]
[SourceVersion "1"]
[SourceVersionDate "2022.10.31"]
[SourceQuality "1"]
[WhiteTeam "Myanmar"]
[BlackTeam "Eritrea"]
[WhiteTeamCountry "MYA"]
[BlackTeamCountry "ERI"]

1. Nf3 Nf6 2. b3 d6 3. d4 c5 4. e3 g6 5. Bb2 cxd4 6. Nxd4 Bg7 7. Be2 0-0 8. 0-0 Nc6 9. c4 a6 10. Nc3 Bd7 11. Qd2 Rc8 12. Rfe1 Re8 13. Bf1 Na7 14. e4 Nc6 15. Nc2 Ne5 16. Kh1 Qb6 17. h3 Nh5 18. Nd5 Qd8 19. Bd4 e6 20. Nf4 Nxf4 21. Qxf4 Qe7 22. Rad1 h5 23. Qe3 Kh7 24. f4 Bh6 25. Qg3 Nc6 26. Bb2 e5 27. fxe5 dxe5 28. Ba3 Qd8 29. Qf2 Kg8 30. Rd3 Qc7 31. Bd6 Qa5 32. a4 Nd4 33. Bb4 Qc7 34. Nxd4 exd4 35. Qxd4 Bc6 36. Bc3 Kh7 37. e5 Bg7 38. Qf4 b5 39. axb5 axb5 40. Rd6 bxc4 41. Bxc4 Bxe5 42. Rxe5 Qxd6 43. Rxh5+ gxh5 44. Qxf7+ Kh6 45. Qg7# 1-0

[Event "Africa-ch"]
[Site "Hammamet"]
[Date "2019.07.12"]
[Round "4"]
[White "Weldegebriel Beraki, Kibrom"]
[Black "Abdulraheem, Abdulrahman Akintoy"]
[Result "1-0"]
[WhiteElo "1781"]
[BlackElo "2277"]
[PlyCount "115"]
[EventDate "2019.07.09"]
[EventType "swiss"]
[EventRounds "9"]
[EventCountry "TUN"]
[SourceTitle "CBM 191 Extra"]
[Source "ChessBase"]
[SourceDate "2019.09.30"]
[SourceVersion "1"]
[SourceVersionDate "2019.09.30"]
[SourceQuality "1"]

1. d4 Nf6 2. c4 e6 3. Nf3 d5 4. Nc3 Be7 5. Bf4 0-0 6. a3 c5 7. dxc5 Bxc5 8. e3 Nc6 9. Qc2 Qa5 10. 0-0-0 dxc4 11. Bxc4 e5 12. Bg5 Be6 13. Bxe6 fxe6 14. Bxf6 gxf6 15. Rd7 Be7 16. Qb3 Kh8 17. Rhd1 Rac8 18. Kb1 b5 19. Qxb5 Qxb5 20. Nxb5 Rfd8 21. Rxd8+ Rxd8 22. Rxd8+ Bxd8 23. Nd2 f5 24. Kc2 Kg7 25. Kd3 e4+ 26. Kc3 Bf6+ 27. Nd4 Ne5 28. f3 exf3 29. gxf3 Nc6 30. b4 f4 31. Kd3 Ne5+ 32. Ke4 fxe3 33. Kxe3 Kf7 34. h3 Ng6 35. Ne4 Bd8 36. Nd6+ Kf6 37. Ke4 Bb6 38. Nc4 Bc7 39. Nc6 a6 40. Ne3 Nf4 41. h4 h5 42. a4 Ng6 43. Ng2 Kf7 44. f4 Kf6 45. Ne5 Bxe5 46. fxe5+ Ke7 47. Nf4 Nxh4 48. Nxh5 Nf5 49. Nf4 Ng7 50. Kd4 Ne8 51. Kc5 Nc7 52. Kc6 Kd8 53. Kd6 Ne8+ 54. Kxe6 Kc7 55. Kf7 Kd7 56. Nd5 Kc6 57. Kxe8 Kxd5 58. Kd7 1-0

[Event "Olympiad-43"]
[Site "Batumi"]
[Date "2018.10.03"]
[Round "9.1"]
[White "Aw, Ousmane"]
[Black "Weldegebriel Beraki, Kibrom"]
[Result "0-1"]
[WhiteElo "1880"]
[BlackElo "1723"]
[PlyCount "144"]
[EventDate "2018.09.24"]
[EventType "team-swiss"]
[EventRounds "11"]
[EventCountry "GEO"]
[SourceTitle "CBM 187"]
[Source "ChessBase"]
[SourceDate "2018.12.11"]
[SourceVersion "1"]
[SourceVersionDate "2018.12.11"]
[SourceQuality "1"]
[WhiteTeam "Senegal"]
[BlackTeam "Eritrea"]
[WhiteTeamCountry "SEN"]
[BlackTeamCountry "ERI"]

1. d4 Nf6 2. Nf3 e6 3. Bf4 c5 4. e3 Nc6 5. c3 Nh5 6. Bg5 Qb6 7. b3 h6 8. Bh4 g5 9. Ne5 Nxe5 10. Qxh5 cxd4 11. exd4 Ng6 12. Bg3 Bg7 13. Bd3 Ne7 14. Nd2 Qa5 15. Ne4 Nf5 16. 0-0 d5 17. b4 Qd8 18. Bb5+ Bd7 19. Bxd7+ Qxd7 20. Nc5 Qc6 21. Nxe6 Ke7 22. Nxg7 Nxg7 23. Rfe1+ Kf8 24. Qg4 f6 25. Qe2 Re8 26. Qd3 Kf7 27. f3 Rxe1+ 28. Rxe1 Re8 29. Rc1 Qa4 30. Rc2 Re6 31. h3 b5 32. Kf2 Qa6 33. Qh7 Qa4 34. Rd2 Qa3 35. Qc2 Rc6 36. Rd3 Qxb4 37. Qd2 Qb1 38. Qe2 Ra6 39. Rd2 Re6 40. Qf1 Qxf1+ 41. Kxf1 Rc6 42. Rd3 Ra6 43. Rd2 Ra3 44. Rc2 Nf5 45. Bf2 Nd6 46. g4 Nc4 47. Ke2 Ra6 48. Kf1 Ra3 49. Ke2 Ra6 50. Kf1 Ra4 51. Ke2 Kg6 52. Bg3 Ra6 53. Kd3 Ra3 54. Ke2 Ra6 55. Kd3 Ra3 56. Be1 Kf7 57. Bd2 Ra6 58. Bc1 Ra4 59. Ke2 Ra6 60. Kf2 Ra4 61. Kg3 Ra6 62. h4 Re6 63. h5 Re1 64. a3 Nd6 65. Kf2 Rh1 66. Kg2 Re1 67. Be3 Rxe3 68. Kf2 Nc4 69. Rc1 Rd3 70. a4 bxa4 71. Kg3 Rd2 72. Rb1 Rb2 0-1